00951nam a22002297aa4500952009900000999001700099008004100116020001500157020002200172050002400194100003700218245009700255246005100352260002800403300003600431490001900467505008900486519004300575650004700618700004400665942001200709 00104070a03b03d2015-08-06l0oQH308.2 V453 2007p03 008232r2015-08-06t1w2015-08-06yLB c97556d97556150806s2007 mx a|||| |||| 00| 0 spa d a9709807358 a13: 9789709807356 aQH308.2 bV453 2007 aOlvera Landeros, Gabrielaeautor aBiologia 2 b : bachilleratoc / Gabriela Olvera Landeros, Marta Patricia Velázquez Ocampo aTemas selectosb : biología 2 : bachillerato aMéxicob : Stc, 2007 a227 páginasb : ilustraciones aTemas selectos aBiodiversidad Biología de plantas y hongos Biología de los animales Etología  aMaterial Complementario /d(03 008232) 0aBIOLOGIAxESTUDIO Y ENSEÑANZA (SUPERIOR) aVelazquez Ocampo, Marta Patriciaeautor cLB2lcc